Najmniejsze państwa Europy - Statystyki

Ogólne statystyki
  • Ten quiz został rozwiązany 267 razy
  • Średni wynik to 10 z 15
Statystyki odpowiedzi
kilometry kwadratowe Odpowiedź % Poprawnych
0,44 Watykan
98%
61 San Marino
92%
468 Andora
91%
2 586 Luksemburg
87%
2 Monako
84%
316 Malta
76%
10 887 Kosowo
72%
13 812 Czarnogóra
64%
25 713 Macedonia
63%
20 273 Słowenia
60%
30 528 Belgia
58%
33 851 Mołdawia
58%
28 748 Albania
52%
41 277 Szwajcaria
42%
160 lichenstein
1%
Nie znaleziono quizów pasujących do podanych kryteriów
Rozkład punktacji
Procent ludzi z każdym wynikiem
Percentyl według liczby udzielonych odpowiedzi
Twoja historia wyników
Nie rozwiązałeś tego quizu